Manual del residente de obra : una guía paso a paso /

Contiene: Control de la obra; El resiente de Obra; Cuidados del concreto; Supervisión en la preparación para la obra; Supervisión en la cimentación; Supervisión en las estructuras y la mampostería; Supervisión en instalaciones y acabados; Seguridad en la obra.

Kaydedildi:
Detaylı Bibliyografya
Yazar: Lesur, Luis (coordinación)
Materyal Türü: Kitap
Dil:İspanyolca
Baskı/Yayın Bilgisi: México : Trillas, 2002, c2002
Seri Bilgileri:(Cómo Hacer Bien y Fácilmente)
Konular:
Etiketler: Etiketle
Etiket eklenmemiş, İlk siz ekleyin!

MARC

LEADER 00000nam^a2200000^a^4500
001 000184448
005 20250521000000.0
009 20260310102115.966
020 |a 968-24-6728-4 
037 |a Acervo ITESO - Biblioteca 
041 |a ESP 
082 |a 692.  |b LES 
100 |a Lesur, Luis  |e (coordinación) 
245 1 0 |a Manual del residente de obra :  |b una guía paso a paso /  |c Coord. L. Lesur. 
264 4 |a México :  |b Trillas,  |c 2002, c2002 
300 |a 80 p. 
336 |a texto  |b txt  |2 rdacontenido 
337 |a sin mediación  |b n  |2 rdamedio 
338 |a volumen  |b nc  |2 rdasoporte 
440 1 |a (Cómo Hacer Bien y Fácilmente) 
520 |a Contiene: Control de la obra; El resiente de Obra; Cuidados del concreto; Supervisión en la preparación para la obra; Supervisión en la cimentación; Supervisión en las estructuras y la mampostería; Supervisión en instalaciones y acabados; Seguridad en la obra. 
649 |a XX 
650 |a Administración de Obras 
650 |a Diseño Estructural 
650 |a Instalaciones Sanitarias 
650 |a Estructuras 
650 |a Albañilería 
650 |a Costos de Operación 
650 |a Control de Calidad 
650 |a Planeación de Recursos 
650 |a Seguridad Industrial 
650 |a Administración de Proyectos 
650 |a Contratos 
650 |a Industria de la Construcción -  |x Administración 
650 |a Construcción 
650 |a Arquitectura 
910 |a Fondo General 
920 |a Impresos - Libros 
930 |a Colección General 
905 |a 101 
901 |a 0500125255  |b IT1  |c ACC  |u 20250521 
902 |a https://opac.biblio.iteso.mx/vufind/Record/000184448